Quiz o Norwegii - Statystyki

Ogólne statystyki
  • Ten quiz został rozwiązany 59 razy
  • Średni wynik to 11 z 20
Statystyki odpowiedzi
Wskazówka Odpowiedź % Poprawnych
Stolica Oslo
98%
Język urzędowy Norweski
93%
Liczba ludności w milionach (ok.) 5 mln
88%
Waluta Korona norweska
79%
Morze, do którego ma dostęp od południowego zachodu Morze Północne
76%
Półwysep, na którym jest położona Półwysep Skandynawski
76%
Wojownicy i żeglarze, którzy pochodzili ze Skandynawii. Współcześnie kojarzeni są z rogatymi hełmami, jednak nie ma dowodów na to, że je nosili Wikingowie
71%
Morze, do którego ma dostęp od zachodu i północnego zachodu Morze Norweskie
62%
Którym pod względem długości linii brzegowej państwem na świecie jest Norwegia? 2.
60%
Głęboka zatoka ze stromymi brzegami mocno wcinająca się w ląd Fiordy
60%
Król Harald V
48%
Wywodzący się ze skandynawskich wierzeń stwór przypominający człowieka (na literę T) Troll
45%
Rok dołączenia do NATO 1949 r.
43%
Największy partner handlowy Wielka Brytania
43%
Morze, do którego ma dostęp od północnego wschodu Morze Barentsa
26%
Z powodu zarazy atakującej jego korzenie zakazano importu tego warzywa do Norwegii Ziemniak
26%
Pomnik Storelgen przedstawia jedno z najbardziej charakterystycznych zwierząt Norwegii. Co to za zwierzę? Łosia
24%
Pasmo górskie na granicy ze Szwecją Góry Skandynawskie
17%
Średniowieczne ________ np. w Urnes, Heddal, Telemarku czy Laerdal Kościoły
14%
Największa wyspa Spitsbergen
12%
Nie znaleziono quizów pasujących do podanych kryteriów
Rozkład punktacji
Procent ludzi z każdym wynikiem
Percentyl według liczby udzielonych odpowiedzi
Twoja historia wyników
Nie rozwiązałeś tego quizu